Complex variables and the Laplace transform for engineers (Record no. 13856)

000 -LEADER
fixed length control field 00606nam a22002051 4500
001 - CONTROL NUMBER
control field 13856
003 - CONTROL NUMBER IDENTIFIER
control field BD-DhUET
008 - FIXED-LENGTH DATA ELEMENTS--GENERAL INFORMATION
fixed length control field 840622s1961 nyua b 000 0 eng
040 ## - CATALOGING SOURCE
Original cataloging agency DLC
Transcribing agency DLC
Modifying agency BD-DhUET
082 00 - DEWEY DECIMAL CLASSIFICATION NUMBER
Classification number 517.862
Item number LEP/1961
100 ## - MAIN ENTRY--PERSONAL NAME
Personal name LePage, Wilbur R.
245 10 - TITLE STATEMENT
Title Complex variables and the Laplace transform for engineers
250 ## - EDITION STATEMENT
Edition statement 1st ed.
260 ## - PUBLICATION, DISTRIBUTION, ETC. (IMPRINT)
Place of publication, distribution, etc. Bombay
Name of publisher, distributor, etc. McGraw-Hill
Date of publication, distribution, etc. 1961
300 ## - PHYSICAL DESCRIPTION
Extent xvi, 475 p.
Other physical details ill.
Dimensions 24 cm.
490 ## - SERIES STATEMENT
Series statement International series in pure and applied mathematics
504 ## - BIBLIOGRAPHY, ETC. NOTE
Bibliography, etc Includes bibliographies
650 #0 - SUBJECT ADDED ENTRY--TOPICAL TERM
Topical term or geographic name as entry element Calculus - Complex variables
942 ## - ADDED ENTRY ELEMENTS (KOHA)
Koha item type General Book
Holdings
Koha normalized classification for sorting Price effective from Piece designation (barcode) Source of classification or shelving scheme Koha full call number Copy number Damaged status Lost status Location (home branch) Not for loan Koha item type Sublocation or collection (holding branch) Withdrawn status Shelving location Date acquired Koha date last seen
517_862000000000000_LEP_19612015-03-0540116 517.862/LEP/19611  Central Library, BUET General BookCentral Library, BUET Circulation section2015-03-052015-03-05
517_862000000000000_LEP_19612015-03-0524385 517.862/LEP/19612  Central Library, BUET General BookCentral Library, BUET Circulation section2015-03-052015-03-05
517_862000000000000_LEP_19612015-03-076374 517.862/LEP/19613  Central Library, BUET General BookCentral Library, BUET Circulation section2015-03-072015-03-07
517_862000000000000_LEP_19612015-03-0751027 517.862/LEP/19614  Central Library, BUET General BookCentral Library, BUET Circulation section2015-03-072015-03-07
517_862000000000000_LEP_19612015-03-0720963 517.862/LEP/19615  Central Library, BUET General BookCentral Library, BUET Circulation section2015-03-072015-03-07
517_862000000000000_LEP_19612015-03-0742659 517.862/LEP/19616  Central Library, BUET General BookCentral Library, BUET Circulation section2015-03-072015-03-07
517_862000000000000_LEP_19612015-03-0740115 517.862/LEP/19617  Central Library, BUET General BookCentral Library, BUET Circulation section2015-03-072015-03-07
517_862000000000000_LEP_19612015-03-0739671 517.862/LEP/19618  Central Library, BUET General BookCentral Library, BUET Circulation section2015-03-072015-03-07
517_862000000000000_LEP_19612015-03-0739670 517.862/LEP/19619  Central Library, BUET General BookCentral Library, BUET Circulation section2015-03-072015-03-07
517_862000000000000_LEP_19612015-03-0742660 517.862/LEP/196110  Central Library, BUET General BookCentral Library, BUET Circulation section2015-03-072015-03-07
517_862000000000000_LEP_19612015-03-0942661 517.862/LEP/196111  Central Library, BUET General BookCentral Library, BUET Circulation section2015-03-092015-03-09
517_862000000000000_LEP_19612015-03-0951026 517.862/LEP/196112  Central Library, BUET General BookCentral Library, BUET Circulation section2015-03-092015-03-09
517_862000000000000_LEP_19612015-05-032039 517.862/LEP/196113  Central Library, BUET General BookCentral Library, BUET Circulation section2015-05-032015-05-03
517_862000000000000_LEP_19612015-05-036375 517.862/LEP/196114  Central Library, BUET General BookCentral Library, BUET Circulation section2015-05-032015-05-03
517_862000000000000_LEP_19612015-05-032041 517.862/LEP/196115  Central Library, BUET General BookCentral Library, BUET Circulation section2015-05-032015-05-03
517_862000000000000_LEP_19612015-05-032040 517.862/LEP/196116  Central Library, BUET General BookCentral Library, BUET Circulation section2015-05-032015-05-03